Liste des pays par ville la plus haute - Statistiques

Statistiques générales
  • Ce quiz a été pris 132 fois
    131 depuis la dernière actualisation
  • Le résultat moyen est 14 sur 20
Statistiques - réponses
N Pays Ville Altitude % Correct
6  Chili Parinacota 4 400
97%
2  Chine Wenquan 5 019
97%
1 Pérou La Rinconada 5 100
97%
3  Argentine El Aguilar 4 895
95%
4  Bolivie Colquechaca 4 692
92%
7  Népal Dolpa 4 360
92%
14  Colombie Vetas 3 350
91%
5  Inde Ukdungle 4 659
89%
15  Équateur Papallacta 3 300
86%
11  Mexique Raíces 3 531
85%
19 États-Unis Alma 3 156
80%
16  Pakistan Shimshal 3 200
80%
9 Bhoutan Laya 3 820
77%
12  Venezuela Apartaderos 3 505
74%
17  Guatemala Ixchiguan 3 185
50%
10 Tadjikistan Murghab 3 650
49%
8 Kirghizistan Chatyndy 4 013
42%
20  Costa Rica Villa Mills 3 100
33%
13  Éthiopie Mizma 3 500
15%
18  Lesotho Khalahali 3 158
10%
Aucun quiz correspondant
Distribution des résultats
% des personnes avec chaque résultat
Percentile par nombre de réponses
Votre historique - résultats
Vous n’avez pas pris ce quiz depuis la dernière actualisation